000 00781cab a2200205 4500
001 WB2819-41
008 090401t1992 xxu||||| |||| 00| 0 eng d
035 _a(Sirsi) u7288
041 _aeng
245 _aAddress-Point
260 _c1992
350 _a0
490 _aBURISA
_vMay 1992, 16(1)
520 _aDescribes a new product Address-Point, which creates and maintains a one metre resolution National Grid reference for each postal address in Great Britain. It joins the existing product range of Ordnance Survey`s Centre Alignment of Roads (OSCAR) to become a fundamental dataset to users of Geographic Information Systems.
650 _aGIS
650 _aGIS
690 _aMANAGEMENT-BUSINESS MANAGEMENT-INFORMATION MANAGEMENT
942 _n0
948 _c04/03/1997
999 _c4385
_d4385